000 00430nam a2200181Ia 4500
001 10647
005 20260306161847.0
008 260306t1973||||xx |||||||||||||| ||spa||
041 _aESP
082 _a946.02
_bG22
100 _aGarcía de Cortázar, José Angel
_eAUT
245 0 _aLa época medieval
260 _c1973
300 _a530 páginas :
_c20 cm.
650 _aGEN
654 _aCHU
942 _cLIB
_dJUS
_fJUS
_2ddc
_n
999 _c10647
_d10647